Auditoria de balances (Registro nro. 1934)

Detalles MARC
000 -LEADER
fixed length control field 01844 a2200205 4500
001 - CONTROL NUMBER
control field 29663
005 - DATE AND TIME OF LATEST TRANSACTION
control field 20260407155607.0
008 - FIXED-LENGTH DATA ELEMENTS--GENERAL INFORMATION
fixed length control field 260407a1969 arg spa d
003 - CONTROL NUMBER IDENTIFIER
control field AR-UNSa-BCEJYS
040 ## - CATALOGING SOURCE
Original cataloging agency AR-UNSa-BCEJYS
Language of cataloging spa
Transcribing agency AR-UNSa-BCEJYS
080 ## - UNIVERSAL DECIMAL CLASSIFICATION NUMBER
Universal Decimal Classification number 657.36
Common auxiliary subdivision Balances de comprobación (balance estimativo). Balances de saldo. Balance intermedio
100 1# - MAIN ENTRY--PERSONAL NAME
Personal name Lópes de Sa, Antonio
245 10 - TITLE STATEMENT
Title Auditoria de balances
264 #1 - PRODUCTION, PUBLICATION, DISTRIBUTION, MANUFACTURE, AND COPYRIGHT NOTICE
Place of production, publication, distribution, manufacture Buenos Aires :
Name of producer, publisher, distributor, manufacturer Selección Contable
Date of production, publication, distribution, manufacture, or copyright notice 1969
300 ## - PHYSICAL DESCRIPTION
Extent 251 p.
Dimensions 23 cm.
505 ## - FORMATTED CONTENTS NOTE
Formatted contents note Parte I: Estructura general del balance 1. Conceptos preliminares sobre balance - 2. El Balance frente a la ley y a la ciencia contable en el plano internacional - 3. Principios del balance y fenomenos economicos - Parte II: Generalidades sobre el fraude contable en el balance 4. Concepto general del fraude contable - 5. Balance Fraudulento - Parte III: Fraude en el activo 6. Generalidades sobre el fraude patrimonial - 7. Casos practicos de fraude en las inmovilizaciones - 8. Casos practicos de fraude en los bienes de venta - 9. Casos practicos de fraude en el credito - 10. Casos practicos de fraude en bienes de redito y bienes en efectivo - Parte IV: Fraude en el Pasivo 11. Generalidades sobre el fraude en el pasivo - 12. Casos practicos de fraude en las deudas (debito) - 13. Casos practicos de fraude en el capital propio - Parte V: Fraude en la presentación de ganancias y perdidas 14. Generalidades sobre el fraude en las cuentas de ganancias y perdidas - 15. Casos practicos de fraude en los costos - 16. Casos practicos de fraude en los ingresos - 17. Protección por medio de la auditoria contra el fraude en general - 18. Protección por medio del analisis contable contra el fraude en el balance.
590 ## - LOCAL NOTE (RLIN)
Local note niveau_biblio:m niveau_hierar:0
700 1# - ADDED ENTRY--PERSONAL NAME
Personal name Casco, Irma Esther
942 ## - ADDED ENTRY ELEMENTS (KOHA)
Koha item type
Existencias
Withdrawn status Lost status Damaged status Not for loan Home library Current library Shelving location Date acquired Total checkouts Full call number Barcode Date last seen Price effective from Koha item type
        Biblioteca Prof. Eusebio Cleto del Rey Biblioteca Prof. Eusebio Cleto del Rey   07/04/2026   657.36 L865a L22098 07/04/2026 07/04/2026 Libro